Statistics for Power Rangers Dino Charge/Dino Super Charge Characters

Click here to take the quiz!

General Stats

  • This quiz has been taken 61 times
  • The average score is 15 of 27

Answer Stats

HintAnswer% Correct
Blue RangerKoda
97%
Pink RangerShelby
97%
Black RangerChase
95%
Green RangerRiley
95%
Red RangerTyler
95%
Gold RangerIvan
89%
Graphite RangerPrince Phillip III
84%
Purple RangerKendall
81%
Aqua RangerJames
78%
Silver RangerZenowing
76%
Robotic, idiotic villain who wants the EnergemsSledge
70%
Robot engineerWrench
65%
Can turn into SnideHeckyl
59%
Lion-like monsterFury
57%
The above's girlfriendPoisandra
51%
Really weak green-haired creaturesVivix
51%
Monster who can freeze stuffIceage
35%
Previous purple rangerAlbert
32%
Super-Speedy monsterNinja
32%
Monster who hunts stuffHunter
30%
Monster made of iron who has a robotic clawScrapper
27%
Monster who casts spellsSpellbinder
27%
Monster who the above REALLY hatesSinge
24%
Monster who makes venomStingrage
24%
Chase's girlfriendKaylee
22%
Schoolmate who always calls Riley "Braniac"Burt
16%
Vivix who can talk and has HUGE lipsBeauticruel
11%

Score Distribution

Percentile by Number Answered

Percent of People with Each Score

Your Score History

You have not taken this quiz